000 00509nam a2200217Ia 4500
003 0100
008 130303s9999 xx 000 0 und d
040 _cARRUPELIB
050 _aHN37.C3H498 1988
100 _aHendrickx, Herman
245 _aSocial justice in the bible
260 _aPhilippines
260 _bClaretian Publications
260 _C1988
300 _avii
300 _b 124p. 18cm.
650 _bPlato
650 _cEducation--Philosophy
650 _dReality
942 _2lcc
_01
999 _c64969
_d64969